000 01851nam a2200289 i 4500
003 DO-SdBNP
005 20250607073644.0
007 ta
008 091207s2014 dr 000 0 spa d
040 _aDO-SdBNP
_bspa
_cBNPHU
_erda
082 _axxxx
_bR426L, 2014
110 1 _aRepública Dominicana.
_b Secretaria de Estado de Salud Pública y Asistencia Social (2001)
_956549
240 1 3 _a[ Leyes, etc.]
245 1 0 _aLey No. 285-04, sobre migración, promulgada el 15 de agosto del 2004 :
_bLey No. 1683, sobre naturalización, del 16 de abril de 1948, G.O. 6782 con sus modificaciones ; Ley No. 169-14, que establece un régimen especial para personas nacidas en el territorio nacional inscritas irregularmente en le Registro Civil dominicano y sobre naturalización ; Decreto No. 327-13, Plan Nacional de Regularización de Extranjeros en situación migratoria irregular en la República Dominicana ; Reglamento No. 631-11, de aplicación de la Ley General de Migración No. 285-04 /
264 1 _aSanto Domingo :
_b[editor no identificado],
_c2014.
300 _a92 páginas
_c21 cm.
336 _2rdacontent
_atexto
_btxt
337 _2rdamedia
_asin mediación
_bn
338 _2rdacarrier
_avolumen
_bnc
590 _aInventariado, 2023/YL
740 _aLey No. 1683, sobre naturalización, del 16 de abril de 1948, G.O. 6782 con sus modificaciones
740 _aLey No. 169-14, que establece un régimen especial para personas nacidas en el territorio nacional inscritas irregularmente en le Registro Civil dominicano y sobre naturalización
740 _aDecreto No. 327-13, Plan Nacional de Regularización de Extranjeros en situación migratoria irregular en la República Dominicana
740 _aReglamento No. 631-11, de aplicación de la Ley General de Migración No. 285-04
910 _aYlockward
942 _2ddc
_cLBS1
999 _c54337
_d54337